[Event "AUTO-MASTER-1481"]
[Site "http://www.queenalice.com/game.php?id=977115"]
[Date "2011.8.26"]
[Round "1"]
[White "BeHappy"]
[Black "esterodr"]
[Result "1-0"]
[WhiteElo "2195"]
[BlackElo "1998"]

1. d4 Nf6 2. c4 e6 3. Bg5 h6 4. Bd2 b6 5. Nc3 Bb7 6. Qc2 c5 7. e3 d5 8. Nf3 Nc6
9. cxd5 Nxd5 10. Bb5 Rc8 11. Nxd5 exd5 12. b4 c4 13. Ne5 Bd6 14. Nxc6 Bxc6 15.
Bxc6+ Rxc6 16. b5 Rc7 17. Bc3 O-O 18. h3 Re7 19. Qe2 f5 20. Qf3 Re4 21. Qh5 Qd7
22. a4 Qe6 23. O-O f4 24. exf4 Rexf4 25. Rae1 Qf7 26. Qxf7+ R8xf7 27. Re6 Bc7
28. f3 R4f6 29. Re8+ Kh7 30. Kf2 Kg6 31. Rfe1 h5 32. Rh8 Rf5 33. Re6+ R5f6 34.
Rxf6+ Rxf6 35. g4 hxg4 36. hxg4 Rf7 37. Bb4 Bf4 38. Ke2 Rc7 39. Rd8 c3 40. Bd6
Bxd6 41. Rxd6+ Kf7 42. Kd1 Rc4 43. Kc2 Rxd4 44. Kxc3 Rxa4 45. Kd3 Ra3+ 46. Ke2
Rb3 47. Rxd5 Ke6 48. Rg5 Kf6 49. Rf5+ Kg6 50. Kf2 Ra3 51. Kg3 Rb3 52. Kf4 Rb4+
53. Ke3 Rb3+ 54. Kd4 Rb4+ 55. Kc3 Rb1 56. Rd5 Kf6 57. f4 Rg1 58. Rf5+ Kg6 59.
Rg5+ Kf6 60. Kd4 Rd1+ 61. Ke4 Re1+ 62. Kd5 1-0

[Event "AUTO-OPEN-2457"]
[Site "http://www.queenalice.com/game.php?id=977322"]
[Date "2011.8.26"]
[Round "1"]
[White "gedanix"]
[Black "esterodr"]
[Result "1-0"]
[WhiteElo "2340"]
[BlackElo "1942"]

1. e4 c6 2. d4 d5 3. Nc3 dxe4 4. Nxe4 Nd7 5. Bc4 Ngf6 6. Ng5 e6 7. Qe2 Nb6 8.
Bd3 h6 9. N5f3 c5 10. dxc5 Bxc5 11. Ne5 Qc7 12. Ngf3 Bb4+ 13. Bd2 Bxd2+ 14. Nxd2
Nbd7 15. Ndf3 Nxe5 16. Nxe5 Nd7 17. Nf3 a6 18. O-O Nc5 19. Rad1 O-O 20. c3 b5
21. Bc2 Bb7 22. Rfe1 Rfd8 23. Ne5 Rxd1 24. Rxd1 Rd8 25. Rxd8+ Qxd8 26. Qh5 Qe7
27. Nxf7 Qxf7 28. Bh7+ Kf8 29. Qxc5+ Ke8 30. Qe5 Qd7 31. h4 Kf7 32. h5 Qc6 33.
Bg6+ Kf8 34. Qf4+ Ke7 35. Qf7+ Kd6 36. Qf8+ 1-0

[Event "AUTO-OPEN-2457"]
[Site "http://www.queenalice.com/game.php?id=977323"]
[Date "2011.8.26"]
[Round "1"]
[White "esterodr"]
[Black "gedanix"]
[Result "0-1"]
[WhiteElo "1944"]
[BlackElo "2333"]

1. e4 e6 2. d4 d5 3. Nd2 c5 4. exd5 exd5 5. Ngf3 Nc6 6. Bb5 Bd6 7. dxc5 Bxc5 8.
O-O Ne7 9. Nb3 Bd6 10. c3 O-O 11. Nfd4 Nxd4 12. Nxd4 a6 13. Bd3 Nc6 14. Bc2 Qc7
15. Qd3 g6 16. h4 Re8 17. Nf3 Bf5 18. Qd2 Be4 19. Ng5 Bxc2 20. Qxc2 Nd4 21. Qd3
Ne2+ 22. Kh1 Qc4 23. Qxc4 dxc4 24. Be3 Bf4 25. Bxf4 Nxf4 26. b3 Rac8 27. Rac1
Ne2 28. Rc2 cxb3 29. axb3 Nd4 30. Rd2 Nxb3 31. Rd7 Nc5 32. Rxf7 h6 33. Rf6 hxg5
34. Rxg6+ Kf7 35. Rxg5 Ne4 36. Rh5 b5 0-1

[Event "AUTO-OPEN-2457"]
[Site "http://www.queenalice.com/game.php?id=977354"]
[Date "2011.8.26"]
[Round "1"]
[White "esterodr"]
[Black "pianoxadrez"]
[Result "0-1"]
[WhiteElo "1995"]
[BlackElo "1683"]

1. e4 c5 2. Nf3 Nc6 3. d4 cxd4 4. Nxd4 Nf6 5. Nc3 d6 6. Be2 e5 7. Nb3 Be7 8. O-O
O-O 9. Be3 Be6 10. f4 exf4 11. Bxf4 d5 12. e5 Ne4 13. Nxe4 dxe4 14. Qe1 f6 15.
exf6 Bxf6 16. Be3 Bxb2 17. Rxf8+ Qxf8 18. Rb1 Qa3 19. Bf2 Qxa2 20. Nc5 Nd4 21.
Bf1 e3 22. Rxb2 exf2+ 23. Kxf2 Qxb2 24. Nxe6 Re8 0-1

[Event "AUTO-OPEN-2457"]
[Site "http://www.queenalice.com/game.php?id=977355"]
[Date "2011.8.26"]
[Round "1"]
[White "pianoxadrez"]
[Black "esterodr"]
[Result "1-0"]
[WhiteElo "2071"]
[BlackElo "2023"]

1. d4 Nf6 2. c4 e6 3. Nc3 Bb4 4. Bg5 h6 5. Bxf6 Qxf6 6. e3 c5 7. Ne2 O-O 8. a3
Bxc3+ 9. bxc3 d6 10. Ng3 Nc6 11. Bd3 e5 12. d5 Na5 13. Qh5 b6 14. O-O Ba6 15.
Ne4 Qe7 16. Qf5 g6 17. Qh3 Kg7 18. Nd2 f5 19. Rab1 e4 20. Be2 Qe5 21. Rbc1 g5
22. Rfe1 Bc8 23. Qh5 Bd7 24. Rf1 Rf6 25. Bd1 Rg8 26. Qe2 Kh7 27. f3 exf3 28.
Nxf3 Qe7 29. Bc2 Re8 30. Rce1 Kh8 31. Qd3 Qg7 32. Nd2 Re5 33. Rf2 f4 34. Ne4 Rg6
35. Qf1 Re8 36. exf4 gxf4 37. Rxf4 Nxc4 38. Re2 Nxa3 39. Nxd6 Rxe2 40. Bxg6 Qxg6
41. Nf7+ Kg7 42. Qxe2 1-0

[Event "AUTO-OPEN-2405"]
[Site "http://www.queenalice.com/game.php?id=989372"]
[Date "2011.9.24"]
[Round "2"]
[White "cunha"]
[Black "esterodr"]
[Result "1-0"]
[WhiteElo "2836"]
[BlackElo "2014"]

1. e4 c6 2. d4 d5 3. Nc3 dxe4 4. Nxe4 Nd7 5. Nf3 Ngf6 6. Nxf6+ Nxf6 7. h3 Bf5 8.
Bd3 Bxd3 9. Qxd3 e6 10. Bf4 Bd6 11. Bxd6 Qxd6 12. O-O O-O 13. Rfe1 Rfd8 14. Rad1
Rac8 15. c3 c5 16. Qb5 b6 17. Qa4 a5 18. Qb5 h6 19. dxc5 Qxc5 20. Qxc5 bxc5 21.
Ne5 Kf8 22. a4 Ke8 23. Nc4 Rxd1 24. Rxd1 Ra8 25. Rd6 Ke7 26. Rb6 1-0

[Event "AUTO-OPEN-2405"]
[Site "http://www.queenalice.com/game.php?id=989373"]
[Date "2011.9.24"]
[Round "2"]
[White "esterodr"]
[Black "cunha"]
[Result "0-1"]
[WhiteElo "2016"]
[BlackElo "2834"]

1. e4 c5 2. Nf3 d6 3. d4 cxd4 4. Nxd4 Nf6 5. Nc3 a6 6. Be2 e5 7. Nb3 Be7 8. Bg5
Be6 9. Bxf6 Bxf6 10. Qd3 O-O 11. O-O-O Be7 12. g3 a5 13. Nd5 a4 14. Nd2 a3 15.
b3 Nd7 16. Nxe7+ Qxe7 17. f4 exf4 18. gxf4 Qf6 0-1

[Event "AUTO-OPEN-2405"]
[Site "http://www.queenalice.com/game.php?id=989378"]
[Date "2011.9.24"]
[Round "2"]
[White "xyzzyx"]
[Black "esterodr"]
[Result "0-1"]
[WhiteElo "2020"]
[BlackElo "2009"]

1. c4 e5 2. Nc3 Nf6 3. g3 Bb4 4. Bg2 O-O 5. e3 Bxc3 6. bxc3 Re8 7. Ne2 d6 8. O-O
Nc6 9. d4 e4 10. a4 b6 11. Ba3 Qe7 12. Nf4 Ba6 13. Qb3 Na5 14. Qc2 Bxc4 15. Rfb1
g5 16. Ne2 Bd3 17. Qb2 Nc4 0-1

[Event "AUTO-OPEN-2405"]
[Site "http://www.queenalice.com/game.php?id=989379"]
[Date "2011.9.24"]
[Round "2"]
[White "esterodr"]
[Black "xyzzyx"]
[Result "1-0"]
[WhiteElo "2009"]
[BlackElo "1775"]

1. e4 e6 2. d4 d5 3. Nd2 Nf6 4. e5 Nfd7 5. Bd3 c5 6. c3 Nc6 7. Ne2 Qb6 8. Nf3
cxd4 9. cxd4 Bb4+ 10. Bd2 Bxd2+ 11. Qxd2 Qb4 12. O-O h6 13. a3 Qxd2 14. Nxd2 a6
15. f4 b5 16. f5 O-O 17. fxe6 fxe6 18. Rxf8+ Kxf8 19. Rf1+ Ke7 20. Bg6 Nd8 21.
Nf4 Nf8 22. Bh5 Bd7 23. Nb3 Be8 24. Bg4 Ng6 25. Nh5 a5 26. Nxg7 a4 27. Nc5 Nc6
28. Nxe8 Rxe8 29. Rf6 Nf8 30. Nxe6 b4 31. axb4 Nxb4 32. Nxf8 Rxf8 33. Rxf8 Kxf8
34. Bf3 Ke7 35. Kf2 1-0

[Event "Challenge"]
[Site "http://www.queenalice.com/game.php?id=992928"]
[Date "2011.10.3"]
[Round "-"]
[White "albemo"]
[Black "esterodr"]
[Result "0-1"]
[WhiteElo "1980"]
[BlackElo "2013"]

1. d4 Nf6 2. c4 e6 3. Nf3 b6 4. e3 Bb7 5. Be2 Be7 6. O-O O-O 7. Nc3 d5 8. cxd5
Nxd5 9. Bd2 c5 10. Rc1 Nc6 11. Nxd5 Qxd5 12. dxc5 Bxc5 13. Qa4 a6 14. a3 b5 15.
Qh4 Bb6 16. Rfd1 Qd8 17. Qg3 Bc7 18. Qg4 f5 19. Qh5 Qf6 20. Bc3 e5 21. Rd7 Rac8
22. Bb4 Rfd8 23. Rcd1 Nxb4 24. axb4 Bc6 25. Rxd8+ Rxd8 26. Rxd8+ Bxd8 27. Bd1 g6
28. Qh6 Bd5 29. Nd2 Be7 30. f3 Bxb4 31. Nf1 Bc5 32. Kh1 a5 33. Ng3 e4 34. Nh5
Qxb2 35. Nf4 Qc1 36. h4 Qxd1+ 37. Kh2 Bxe3 38. Qg5 Bxf4+ 39. Qxf4 exf3 40. Qb8+
Kg7 41. Qe5+ Kf7 42. Qc7+ Ke6 43. Qc8+ Ke5 44. Qh8+ Ke4 45. gxf3+ Qxf3 0-1

[Event "Jogo 07 - A"]
[Site "http://www.queenalice.com/game.php?id=994553"]
[Date "2011.10.7"]
[Round "-"]
[White "ATeixeira"]
[Black "esterodr"]
[Result "1-0"]
[WhiteElo "2072"]
[BlackElo "2039"]

1. d3 d5 2. Nd2 e5 3. e4 c6 4. Be2 Bd6 5. Ngf3 f5 6. O-O Nf6 7. c3 O-O 8. Qb3
Kh8 9. Re1 fxe4 10. dxe4 Nxe4 11. Nxe4 dxe4 12. Ng5 Qf6 13. Nxe4 Qh4 14. Bf3 Bc7
15. Bg5 1-0

[Event "Jogo 07 - B"]
[Site "http://www.queenalice.com/game.php?id=994556"]
[Date "2011.10.7"]
[Round "-"]
[White "esterodr"]
[Black "ATeixeira"]
[Result "0-1"]
[WhiteElo "2012"]
[BlackElo "2061"]

1. e4 c5 2. Nf3 d6 3. d4 cxd4 4. Nxd4 Nf6 5. Nc3 a6 6. Be2 g6 7. O-O Bg7 8. Be3
O-O 9. Kh1 b5 10. Qd3 Bb7 11. Nb3 b4 12. Nd5 Nxd5 13. exd5 Bxb2 14. Rab1 Bg7 15.
Bd4 e5 16. dxe6 fxe6 17. Bxg7 Kxg7 18. Rbd1 Qg5 19. f3 Bd5 20. Qd4+ Qe5 21.
Qxe5+ dxe5 22. Bd3 Nd7 23. Rfe1 a5 24. Be4 a4 25. Bxd5 exd5 26. Rxd5 Nf6 27.
Rdxe5 axb3 28. axb3 Rae8 29. Kg1 Rxe5 30. Rxe5 Kf7 31. Rb5 Rd8 32. Rxb4 Rd1+ 33.
Kf2 Rd2+ 34. Kg3 Rxc2 35. h4 Rb2 36. Kh3 Ke7 37. g4 Rb1 38. Kg3 Rb2 39. Kh3 Nd7
40. Kg3 Kd6 41. h5 gxh5 42. gxh5 Nc5 43. Rb6+ Ke5 44. b4 Ne6 45. Rb7 Rb3 46. Kg4
h6 47. Rb6 Rb1 48. Rb5+ Kf6 49. Rf5+ Kg7 50. Re5 Rxb4+ 51. Kg3 Kf6 52. Ra5 Rc4
53. Ra6 Rc7 54. Kg4 Rg7+ 55. Kh4 Rg1 56. Ra5 Rg5 57. Ra6 Ke5 58. Ra4 Nf4 59.
Ra5+ Nd5 60. Ra4 Rf5 61. Re4+ Kf6 62. Kg4 Rg5+ 63. Kh4 Kf5 0-1

[Event "Challenge"]
[Site "http://www.queenalice.com/game.php?id=995242"]
[Date "2011.10.9"]
[Round "-"]
[White "esterodr"]
[Black "albemo"]
[Result "1-0"]
[WhiteElo "2028"]
[BlackElo "1907"]

1. e4 e5 2. Nf3 Nf6 3. Nxe5 d6 4. Nf3 Nxe4 5. Nc3 Nf6 6. d4 Be7 7. Bd3 O-O 8.
O-O Nbd7 9. Bf4 Nb6 10. Re1 Nbd5 11. Bg3 Bg4 12. Nxd5 Nxd5 13. Qe2 Bf6 14. Qe4
1-0

[Event "Challenge"]
[Site "http://www.queenalice.com/game.php?id=995501"]
[Date "2011.10.9"]
[Round "-"]
[White "koutouzov"]
[Black "esterodr"]
[Result "1/2-1/2"]
[WhiteElo "1876"]
[BlackElo "2024"]

1. d4 Nf6 2. Nc3 d5 3. a3 Bf5 4. f3 e6 5. g4 Bg6 6. h4 h5 7. g5 Nfd7 8. Nh3 Bd6
9. Bf4 Qe7 10. Nb5 e5 11. Nxd6+ cxd6 12. Bg3 Nc6 13. c3 Nb6 14. Bg2 Nc4 15. Qb3
Ne3 16. Rg1 Nc2+ 17. Kf2 Nxa1 18. Rxa1 O-O 19. Qxd5 Rfe8 20. e4 Rad8 21. Bf1 a6
22. Bxa6 Qd7 23. Bc4 Qxh3 24. b4 Qd7 25. a4 Ne7 26. Qb5 Qxb5 27. Bxb5 Rf8 28. a5
exd4 29. cxd4 Nc6 30. Bxc6 bxc6 31. a6 Rd7 32. d5 cxd5 33. b5 Rb8 34. a7 Rxa7
35. Rxa7 Rxb5 36. exd5 Rxd5 37. Ra6 Rd2+ 38. Ke1 Rd3 39. Ke2 Rb3 40. Rxd6 Kf8
41. Rd8+ Ke7 42. Rd2 Bf5 43. Bd6+ Ke6 44. Bf8 g6 45. Bg7 Rb4 46. Rd4 Rb2+ 47.
Rd2 Rxd2+ 48. Kxd2 Kd5 49. Ke3 1/2-1/2

[Event "Challenge"]
[Site "http://www.queenalice.com/game.php?id=996068"]
[Date "2011.10.11"]
[Round "-"]
[White "esterodr"]
[Black "koutouzov"]
[Result "1-0"]
[WhiteElo "1997"]
[BlackElo "1903"]

1. e4 e5 2. Nf3 d6 3. d4 exd4 4. Nxd4 c5 5. Nb3 a5 6. Nc3 a4 7. Nd2 Be7 8. Nc4
Bd7 9. Nxd6+ Bxd6 10. Qxd6 Qe7 11. Bf4 Qxd6 12. Bxd6 Ne7 13. O-O-O f5 14. Bc4
Nbc6 15. Nb5 Kd8 16. Bxc5 fxe4 17. Be6 Nb8 18. Bb6+ Ke8 19. Nc7+ Kf8 20. Bxd7
Nxd7 21. Nxa8 Nf6 22. Rd8+ Ne8 23. Nc7 Kf7 24. Rxe8 Rxe8 25. Nxe8 1-0

[Event "Challenge"]
[Site "http://www.queenalice.com/game.php?id=997233"]
[Date "2011.10.14"]
[Round "-"]
[White "koutouzov"]
[Black "esterodr"]
[Result "1-0"]
[WhiteElo "1956"]
[BlackElo "1990"]

1. d4 Nf6 2. Nc3 d5 3. f3 c5 4. e3 Nc6 5. Bb5 e6 6. Nge2 Bd6 7. Bxc6+ bxc6 8.
dxc5 Bxc5 9. O-O O-O 10. g4 e5 11. Na4 Bd6 12. c3 e4 13. h3 exf3 14. Rxf3 Ne4
15. Qd4 Qh4 16. Bd2 1-0